Vigencia de Jean Piaget /
Conjunto de seis textos vinculados con el centenario del nacimiento del psicólogo suizo Jean Piaget (1896-1980), producidos por Emilia Ferreiro, psicóloga de origen argentino especializada en el estudio de la escritura, con objeto de celebrar la vigencia del pensamiento de una de las figuras central...
محفوظ في:
| المؤلف الرئيسي: | |
|---|---|
| التنسيق: | كتاب |
| اللغة: | الإسبانية |
| منشور في: |
México :
Siglo XXI,
1999, c1999
|
| سلاسل: | (Educación)
|
| الموضوعات: | |
| الوسوم: |
لا توجد وسوم, كن أول من يضع وسما على هذه التسجيلة!
|
MARC
| LEADER | 00000nam^a2200000^a^4500 | ||
|---|---|---|---|
| 001 | 000137310 | ||
| 005 | 20250521000000.0 | ||
| 009 | 20260310095350.701 | ||
| 020 | |a 968-23-2185-9 | ||
| 037 | |a Acervo ITESO - Biblioteca | ||
| 041 | |a ESP | ||
| 082 | |a 153. 4 |b FER | ||
| 100 | |a Ferreiro, Emilia |e (autor) | ||
| 245 | 1 | 0 | |a Vigencia de Jean Piaget / |c E. Ferreiro. |
| 264 | 4 | |a México : |b Siglo XXI, |c 1999, c1999 | |
| 300 | |a 134 p. | ||
| 336 | |a texto |b txt |2 rdacontenido | ||
| 337 | |a sin mediación |b n |2 rdamedio | ||
| 338 | |a volumen |b nc |2 rdasoporte | ||
| 440 | 1 | |a (Educación) | |
| 520 | |a Conjunto de seis textos vinculados con el centenario del nacimiento del psicólogo suizo Jean Piaget (1896-1980), producidos por Emilia Ferreiro, psicóloga de origen argentino especializada en el estudio de la escritura, con objeto de celebrar la vigencia del pensamiento de una de las figuras centrales de las ciencias sociales en el siglo XX. | ||
| 649 | |a XX | ||
| 650 | |a Psicólogos Suizos | ||
| 650 | |a Niños | ||
| 650 | |a Comunicación Escrita | ||
| 650 | |a Comunicación Oral | ||
| 650 | |a Comunicación Verbal | ||
| 650 | |a Lenguaje y Pensamiento | ||
| 650 | |a Conocimiento | ||
| 650 | |a Desarrollo Cognoscitivo | ||
| 650 | |a Epistemología Genética | ||
| 650 | |a Psicolingüística | ||
| 650 | |a Psicología Evolutiva | ||
| 650 | |a Psicología Educativa | ||
| 650 | |a Educación | ||
| 650 | |a Piaget, Jean | ||
| 910 | |a Fondo General | ||
| 920 | |a Impresos - Libros | ||
| 930 | |a Colección General | ||
| 905 | |a 101 | ||
| 901 | |a 0500065935 |b IT1 |c ACC |u 20250521 | ||
| 902 | |a https://opac.biblio.iteso.mx/vufind/Record/000137310 | ||